2000: NFL Teams with the Most Points - Statistics

General Stats
  • This quiz has been taken 8 times
  • The average score is 9 of 10
Answer Stats
Number of points NFL Team % Correct
485 Denver Broncos
100%
355 Kansas City Chiefs
100%
388 San Francisco 49ers
100%
540 St. Louis Rams
100%
429 Indianapolis Colts
86%
367 Jacksonville Jaguars
86%
397 Minnesota Vikings
86%
354 New Orleans Saints
86%
479 Oakland Raiders
71%
388 Tampa Bay Buccaneers
71%
No matching quizzes found
Score Distribution
Percent of People with Each Score
Percentile by Number Answered
Your Score History
You have not taken this quiz